| 000 | 00326nam a22001337a 4500 | ||
|---|---|---|---|
| 020 | _qHP. | ||
| 040 | _cFIZZA ISHAQ | ||
| 082 |
_a621.332 _bMIC |
||
| 100 |
_aBROWN, MICHEL. _986833 |
||
| 245 |
_aPRINCIPAL OF ADLER NETWORING / _cMICHEL BROWN. |
||
| 260 |
_aNEW YORK : _bWILLEY, _c2007. |
||
| 300 | _a254 P. ; | ||
| 942 |
_2ddc _cBK |
||
| 999 |
_c587421 _d587421 |
||